000
00320nam a2200121Ia 4500
008
130320s9999 xx 000 0 und d
100
_a
Rijo Roy
245
_a
Smil syntax editor
502
_b
MCA
_d
EXT
_e
Arvind Mohan
650
_a
SMIL
650
_a
SYNCHRONISED MULTIMEDIA INTEGRATION LANGUAGE
650
_a
SYNTAX EDITOR
999
_c
2654
_d
2654